[Event "URS-FL"]
[Site "Ashkhabad"]
[Date "1978.??.??"]
[Round "14"]
[White "Beliavsky, Alexander G"]
[Black "Gutman, Lev"]
[Result "0-1"]
[WhiteElo "2530"]
[BlackElo "2420"]

1.d4 Nf6 2.c4 g6 3.Nc3 d5 4.Bf4 Bg7 5.e3 O-O 6.Qb3 a5 7.Nf3 c5 8.cxd5 a4
9.Nxa4 Nxd5 10.Bxb8 cxd4 11.Nxd4 Rxb8 12.Nc3 Bxd4 13.exd4 Nf4 14.Rd1 b5 15.d5 e6
16.g3 b4 17.Ne2 Nxd5 18.Bg2 Ba6 19.Rd2 Qg5 20.Qd1 Rbd8 21.h4 Qe5 22.h5 g5
23.h6 Rd6 24.Bf3 Rfd8 25.O-O Nc3 26.Rxd6 Rxd6 27.Nxc3 Rxd1 28.Rxd1 Kf8 29.Na4 Qf5  0-1

[Event "URS-FL"]
[Site "Ashkhabad"]
[Date "1978.??.??"]
[Round "16"]
[White "Beliavsky, Alexander G"]
[Black "Timoshchenko, Gennadi A"]
[Result "1/2-1/2"]
[WhiteElo "2530"]
[BlackElo "2530"]

1.d4 Nf6 2.c4 g6 3.Nc3 d5 4.Bf4 Bg7 5.e3 O-O 6.Qb3 dxc4 7.Bxc4 c5 8.dxc5 Qa5
9.Nf3 Ne4 10.O-O Nxc5 11.Qc2 Nc6 12.Rac1 Bf5 13.Qe2 Rad8 14.e4 Bg4 15.Nd5 Ne6
16.Bd2 Bxf3 17.Qe3 Qc5 18.gxf3 Bxb2 19.Qxc5 Nxc5 20.Rb1 Bd4 21.Bh6 Bg7 22.Be3 b6
23.Bb5 Nd4 24.Bxd4 Bxd4 25.Nxe7+ Kg7 26.Nc6 Rd7 27.Rfd1 Bf6 28.Rxd7 Nxd7
29.Nxa7 Ra8 30.Bxd7 Rxa7 31.Bc6 Rxa2 32.Bd5 Rb2 33.Rxb2 Bxb2 34.f4 Bc1 35.f5 Kf6
36.fxg6 fxg6 37.Bc6 Ke5 38.Kf1 Kd6 39.Be8 Kc5 40.Ke2 b5 41.Kd3 b4 42.Bf7 Kd6
43.Bg8 h6 44.Bf7 g5 45.f3  1/2-1/2

[Event "Kiev"]
[Site "Kiev"]
[Date "1978.??.??"]
[Round "1"]
[White "Beliavsky, Alexander G"]
[Black "Ftacnik, Lubomir"]
[Result "1/2-1/2"]
[WhiteElo "2545"]
[BlackElo "2380"]

1.d4 Nf6 2.c4 g6 3.Nc3 d5 4.Bf4 Bg7 5.e3 O-O 6.Qb3 c6 7.Nf3 Qa5 8.Nd2 Nbd7
9.Be2 Nh5 10.Bxh5 dxc4 11.Nxc4 Qxh5 12.O-O b6 13.Rfd1 Ba6 14.a4 e5 15.Nxe5 Nxe5
16.dxe5 Bxe5 17.Bxe5 Qxe5 18.a5 bxa5 19.Qa3 Rab8 20.Rd2 Bb7 21.Qxa5 c5 22.Rad1 a6
23.Qa4 Rfe8 24.Qc4 Re7 25.h3 Kg7 26.b3 Ree8 27.Rd7 Re7 28.Rxe7 Qxe7 29.Na4 Rc8
30.Rc1 Qg5 31.Qg4 Qe5 32.h4 h6 33.Qc4 Bd5 34.Qxa6 Qe4 35.Qf1 Qxh4 36.Nxc5 Re8
37.Rd1 Re5 38.Rd4 Qe7 39.b4 Rg5 40.e4 Bc6 41.Qd3 h5 42.Rd6 Bb5 43.Qd4+ Kh7
44.Rd5 Rg4 45.Nd7 Bxd7 46.Rxd7 Rxe4 47.Rxe7 Rxd4 48.Rxf7+ Kh6 49.Rb7 Rd1+
50.Kh2 Rd2 51.f3 Rb2 52.f4 Rb3 53.g3 Rb2+ 54.Kh3 Rf2 55.Rc7 Rb2 56.Rb7 Rf2
57.Rc7 Rb2 58.Rc4 Rb3 59.Kh4 Kg7 60.g4 hxg4 61.Kxg4 Kf6 62.Re4 Rb1 63.Kf3 g5
64.fxg5+ Kxg5 65.Ke3 Kf5  1/2-1/2

[Event "Kiev"]
[Site "Kiev"]
[Date "1978.??.??"]
[Round "14"]
[White "Beliavsky, Alexander G"]
[Black "Alburt, Lev O"]
[Result "1/2-1/2"]
[WhiteElo "2545"]
[BlackElo "2510"]

1.e4 Nf6 2.e5 Nd5 3.d4 d6 4.Nf3 Bg4 5.Be2 e6 6.h3 Bh5 7.c4 Nb6 8.O-O Be7
9.Nc3 O-O 10.Be3 d5 11.c5 Bxf3 12.Bxf3 Nc4 13.Bf4 Nc6 14.b3 N4a5 15.Rc1 Qd7
16.Re1 f6 17.exf6 Bxf6 18.Ne2 Ne7 19.Qd2 Nac6 20.Bg4 Nf5 21.Bxf5 exf5 22.b4 a6
23.a4 Rfe8 24.b5 axb5 25.axb5 Na5 26.Qd3 c6 27.bxc6 bxc6 28.Ng3 g6 29.Be5 Bxe5
30.dxe5 Nb7 31.Qe3 Nd8 32.Ne2 Ne6 33.Nd4 f4 34.Qc3 Ra4 35.Nxe6 Qxe6 36.Qb3 Re4
37.Qb7 Qxe5 38.Rxe4 dxe4 39.Qxc6 e3 40.fxe3 Qxe3+ 41.Kh2 f3 42.Rf1 Qf4+ 43.Kh1 Re3
44.Qc8+ Kg7 45.Qd7+ Kh6 46.Qg4 Qxg4 47.hxg4 fxg2+ 48.Kxg2 Rc3 49.Rf7 Rxc5
50.Kg3  1/2-1/2

[Event "Lvov zt"]
[Site "Lvov"]
[Date "1978.??.??"]
[Round "1"]
[White "Beliavsky, Alexander G"]
[Black "Gulko, Boris F"]
[Result "1/2-1/2"]
[WhiteElo "2545"]
[BlackElo "2570"]

1.d4 Nf6 2.c4 e6 3.Nf3 b6 4.g3 Ba6 5.Qa4 Be7 6.Nc3 Bb7 7.Bg2 Ne4 8.Qc2 Nxc3
9.Qxc3 O-O 10.O-O Be4 11.Ne1 Bxg2 12.Nxg2 c6 13.Bf4 d6 14.d5 exd5 15.cxd5 c5
16.e4 Nd7 17.Qc2 b5 18.h4 Nf6 19.Rad1 Re8 20.Rfe1 c4 21.e5 dxe5 22.Bxe5 Bb4
23.Re2 Ng4 24.Bc3 Bxc3 25.Rxe8+ Qxe8 26.Qxc3 Qe2 27.Rd2 Qe4 28.Qd4 Qxd4 29.Rxd4 Ne5
30.Kf1 Kf8 31.Ne3 Rd8 32.d6 f6 33.Rd5 a6 34.a4 Nf7 35.axb5 axb5 36.d7 Ne5
37.Rxb5 Rxd7 38.f4 Rd3 39.Rb8+ Kf7 40.Rb7+ Kf8  1/2-1/2

[Event "Lvov zt"]
[Site "Lvov"]
[Date "1978.??.??"]
[Round "2"]
[White "Romanishin, Oleg M"]
[Black "Beliavsky, Alexander G"]
[Result "1/2-1/2"]
[WhiteElo "2610"]
[BlackElo "2545"]

1.Nf3 Nf6 2.c4 e6 3.g3 d5 4.Bg2 dxc4 5.Qa4+ Nbd7 6.Qxc4 c5 7.Qb3 Qc7 8.O-O a6
9.d4 b5 10.a4 c4 11.Qc2 Bb7 12.axb5 axb5 13.Rxa8+ Bxa8 14.Nc3 Qa5 15.e4 b4
16.e5 bxc3 17.exf6 Nxf6 18.Qxc3 Qxc3 19.bxc3 Bd6 20.Bg5 Ne4 21.Ra1 O-O 22.Nd2 Nxd2
23.Bxa8 Nb1 24.Rxb1 Rxa8 25.Rb6 Ba3 26.Rc6 h6 27.Bd2 Ra4 28.Rc8+ Kh7 29.Kg2 g5
30.Kf3 Kg6 31.Rc6 Kf6 32.Ke4 Ke7 33.Rc7+ Kf6 34.h4 gxh4 35.gxh4 Kg6 36.h5+ Kxh5
37.Rxf7 Kg6 38.Rc7 h5 39.Rc6 Kf7 40.Rc7+ Kg6 41.Rc8 h4 42.Kf3 Be7 43.Kg4 Bf6
44.Rc6 Kf7 45.Bf4 Ra2 46.Be3 Ra4 47.Rc8 Kg6 48.Rc7 Bd8 49.Rc6 Kf7 50.Bf4 Ra2
51.Be3 Ra4 52.Bg5 h3 53.Bf4 Ra2 54.Kxh3 Rxf2 55.Kg4 Rc2 56.Rxc4 Ke7 57.Bg5+ Kd7
58.Bxd8 Kxd8 59.Kf3 Rh2 60.Rc5 Kd7 61.Ke3 Rh1 62.Kd3 Kd6 63.Ra5 Rd1+ 64.Kc4 Rc1
65.Ra6+ Kd7 66.Kb4 Rh1 67.Kc5 Rh5+ 68.Kb6 Rh4 69.Ra5 Rg4 70.Rh5 Kd6 71.Rh8 Kd7
72.Rh7+ Ke8 73.Kc5 Rg3 74.c4 Rd3 75.Ra7 Kd8 76.d5 exd5 77.cxd5 Kc8 78.Kd6 Rh3
79.Ra8+ Kb7 80.Re8 Rd3 81.Re4 Kc8 82.Rc4+ Kd8 83.Rh4 Kc8 84.Rh8+ Kb7 85.Ke6 Kc7
86.Rh7+ Kc8 87.Rg7 Rd1 88.Rg4  1/2-1/2

[Event "Lvov zt"]
[Site "Lvov"]
[Date "1978.??.??"]
[Round "6"]
[White "Kochyev, Alexander"]
[Black "Beliavsky, Alexander G"]
[Result "1/2-1/2"]
[WhiteElo "2555"]
[BlackElo "2545"]

1.e4 c5 2.Nf3 Nc6 3.d4 cxd4 4.Nxd4 Nf6 5.Nc3 d6 6.f4 Qb6 7.Nb3 e6 8.Qe2 Be7
9.Be3 Qc7 10.g4 a6 11.g5 Nd7 12.a4 b6 13.h4 Nc5 14.h5 Nb4 15.Bg2 Bb7 16.O-O O-O-O
17.f5 e5 18.Rad1 Kb8 19.Rd2 f6 20.gxf6 gxf6 21.Qc4 a5 22.Nb5 Qc6 23.Nxc5 bxc5
24.Qe6 Rd7 25.Rfd1 Na6 26.Kh2 Nc7 27.Nxc7 Rxc7 28.b3 Bc8  1/2-1/2

[Event "URS-ch46"]
[Site "Tbilisi"]
[Date "1978.??.??"]
[Round "?"]
[White "Razuvaev, Yuri S"]
[Black "Beliavsky, Alexander G"]
[Result "1/2-1/2"]
[WhiteElo "2465"]
[BlackElo "2530"]

1.d4 Nf6 2.c4 e6 3.g3 d5 4.Nf3 dxc4 5.Bg2 a6 6.O-O Nc6 7.e3 Nd5 8.e4 Nf6
9.Nc3 b5 10.d5 Nb4 11.a4 exd5 12.e5 Ng8 13.axb5 Bc5 14.b3 cxb3 15.Qxb3 a5
16.Na4 Ba7 17.Bd2 Ne7 18.Bxb4 axb4 19.Qxb4 O-O 20.Nd4 Bxd4 21.Qxd4 Bd7 22.Nc3 Rxa1
23.Rxa1 Be6 24.Qc5 d4 25.Rd1 Nf5 26.Nd5 Bxd5 27.Bxd5 g6 28.Be4 Qd7 29.Bxf5 Qxf5
30.Qxc7 Qg4 31.Qc2 Rb8 32.Rb1 Qf3 33.Qc7 Rf8 34.b6 Qd3 35.Ra1 Qc3 36.Rc1 Qb3
37.Qd6 d3 38.h4 h5 39.Kg2 d2 40.Qxd2 Qxb6 41.Kh2 Rd8 42.Qf4 Kg7 43.Qf3 Qe6
44.Rc7 Rb8 45.Rc5 Re8 46.Kg2 Re7 47.Rb5 Re8 48.Qe4 Rc8 49.Ra5 Qc6 50.Qxc6 Rxc6
51.Ra7 Kg8 52.Kf3 Rc2 53.Rd7 Rb2 54.Ke3 Ra2 55.f3 Ra4 56.Rd4 Ra3+ 57.Kf4 Rb3
58.Re4 Kg7 59.Rc4 Ra3 60.Ke4 Rb3 61.Kf4 Ra3 62.g4 hxg4 63.Kxg4 Ra1 64.Rc7 Rg1+
65.Kf4 Re1 66.Ra7 Re2 67.Ra1 Rg2 68.Re1 Kf8 69.h5 gxh5 70.Rh1 f6 71.Rxh5 fxe5+
72.Rxe5 Ra2 73.Kf5  1/2-1/2

[Event "Vilnius"]
[Site "Vilnius"]
[Date "1978.??.??"]
[Round "2"]
[White "Beliavsky, Alexander G"]
[Black "Petrosian, Tigran V"]
[Result "1-0"]
[WhiteElo "2545"]
[BlackElo "2620"]

1.d4 Nf6 2.c4 e6 3.Nf3 b6 4.g3 Bb7 5.Bg2 Be7 6.Nc3 Ne4 7.Qc2 Nxc3 8.Qxc3 O-O
9.O-O Be4 10.Bf4 Bf6 11.Rfd1 Nc6 12.Ne5 Bxg2 13.Kxg2 Rc8 14.h4 Qe8 15.Ng4 Be7
16.d5 Nd8 17.h5 f6 18.h6 g6 19.Bxc7 Rxc7 20.d6 Bxd6 21.Rxd6 Qe7 22.Rad1 Nb7
23.R6d4 d5 24.Qd3 Nd6 25.cxd5 e5 26.Rb4 f5 27.Ne3 Rfc8 28.Ra4 Qg5 29.Qa3 Qe7
30.b3 Kf8 31.Qb2 Rc5 32.Nc4 Nf7 33.Qa3 b5 34.Rxa7 Qf6 35.Ra6 Qe7 36.Ra7 Qd8
37.Na5 Qb6 38.Nb7 b4 39.Nxc5  1-0

[Event "Vilnius"]
[Site "Vilnius"]
[Date "1978.??.??"]
[Round "3"]
[White "Kaiszauri, Konstanty"]
[Black "Beliavsky, Alexander G"]
[Result "1/2-1/2"]
[WhiteElo "2420"]
[BlackElo "2545"]

1.e4 e5 2.Nf3 Nc6 3.Bb5 a6 4.Bxc6 dxc6 5.O-O Qd6 6.d3 Ne7 7.Nbd2 Ng6 8.Nc4 Qf6
9.d4 exd4 10.Bg5 Qe6 11.Qxd4 f6 12.Bh4 c5 13.Qc3 b5 14.Ne3 Bb7 15.Rad1 Bxe4
16.Rfe1 Bd6 17.Bg3 O-O 18.Bxd6 cxd6 19.Nd2 Bb7 20.Nb3 Rae8 21.Qd2 Rd8 22.Na5 Ba8
23.Nd5 Qxd5 24.Qxd5+ Bxd5 25.Rxd5 Nf4 26.Rd2 Rd7 27.Red1 Re8 28.Kf1 Re4 29.g3 Ng6
30.Nb3 Rc4 31.c3 b4 32.cxb4 cxb4 33.Rxd6 Rxd6 34.Rxd6 Ne5 35.Ke2 Re4+ 36.Kf1 Nc4
37.Rxa6 Nxb2 38.a3 Nd3 39.axb4 Rxb4 40.Nd2 Rb2 41.Ne4  1/2-1/2

[Event "Vilnius"]
[Site "Vilnius"]
[Date "1978.??.??"]
[Round "7"]
[White "Beliavsky, Alexander G"]
[Black "Csom, Istvan"]
[Result "1/2-1/2"]
[WhiteElo "2545"]
[BlackElo "2510"]

1.d4 Nf6 2.c4 e6 3.g3 d5 4.Nf3 dxc4 5.Bg2 a6 6.Ne5 c5 7.Be3 Nd5 8.dxc5 f6
9.Nxc4 Nxe3 10.Qxd8+ Kxd8 11.fxe3 Bxc5 12.Nc3 Ra7 13.Ne4 Bb4+ 14.Kf2 b5 15.a3 bxc4
16.axb4 Nc6 17.b5 axb5 18.Nd6 Ke7 19.Nxb5 Rxa1 20.Rxa1 Ne5 21.Ra7+ Bd7 22.Nd4 Rc8
23.Bh3 f5 24.e4 g6 25.exf5 exf5 26.Bg2 c3 27.bxc3 Rxc3 28.h3 Rc4 29.Ke3 Rc3+
30.Kf2 Rc4 31.Ke3 Rc3+ 32.Kf2  1/2-1/2

[Event "Vilnius"]
[Site "Vilnius"]
[Date "1978.??.??"]
[Round "10"]
[White "Lebredo, Gerardo"]
[Black "Beliavsky, Alexander G"]
[Result "1/2-1/2"]
[WhiteElo "2385"]
[BlackElo "2545"]

1.Nf3 d5 2.b3 Bg4 3.e3 Nd7 4.h3 Bxf3 5.Qxf3 Ngf6 6.c4 c6 7.cxd5 cxd5 8.Bb2 e6
9.Nc3 Be7 10.Qd1 O-O 11.Be2 Qa5 12.O-O Rfc8 13.a3 Qd8 14.d3 a6 15.Rc1 b5
16.Nb1 Nc5 17.Nd2 Rc7 18.Qc2 Rac8 19.Qb1 Ne8 20.d4 Nd7 21.Rxc7 Rxc7 22.Rc1 Nb6
23.Bd3 g6 24.Nf3 Nf6 25.Ne5 Bd6 26.Rxc7 Qxc7 27.Qe1 Nbd7 28.Nxd7 Nxd7 29.Qd2 Kf8
30.a4 bxa4 31.bxa4 Nb6 32.Bxa6 Nxa4 33.Bb5 Nb6 34.Qa5 Kg7 35.Bc3 h5 36.Bf1 Be7
37.Bb4 Bxb4 38.Qxb4 Nc8 39.Qd2 Nd6 40.Bd3  1/2-1/2

[Event "Vilnius"]
[Site "Vilnius"]
[Date "1978.??.??"]
[Round "13"]
[White "Beliavsky, Alexander G"]
[Black "Gulko, Boris F"]
[Result "0-1"]
[WhiteElo "2545"]
[BlackElo "2575"]

1.d4 e6 2.c4 f5 3.g3 Nf6 4.Bg2 Be7 5.Nf3 O-O 6.d5 Bb4+ 7.Bd2 Bxd2+ 8.Nbxd2 Qe7
9.Nd4 c5 10.Nb5 d6 11.dxe6 Bxe6 12.Nf1 Nc6 13.Ne3 Rad8 14.Nc3 Qf7 15.Ncd5 Ne7
16.Nxe7+ Qxe7 17.Qd3 Qf7 18.O-O Ng4 19.b3 Ne5 20.Qc2 f4 21.gxf4 Qxf4 22.Qe4 Qh6
23.f4 Nc6 24.f5 Bc8 25.Nd5 Rde8 26.Qd3 Ne5 27.Qh3 Qxh3 28.Bxh3 Nc6 29.Rae1 Nd4
30.e4 g6 31.Re3 gxf5 32.exf5 Rxe3 33.Nxe3 Re8 34.Nd5 Kf7 35.Kg2 Re2+ 36.Kg3 Rxa2
37.Bg4 Rb2 38.Kf4 Rxb3 39.Bh5+ Kf8  0-1

[Event "URS-ch47"]
[Site "Minsk"]
[Date "1979.??.??"]
[Round "?"]
[White "Beliavsky, Alexander G"]
[Black "Makarichev, Sergey"]
[Result "1-0"]
[WhiteElo "2595"]
[BlackElo "2500"]

1.d4 Nf6 2.c4 e6 3.g3 Bb4+ 4.Nd2 c5 5.a3 Bxd2+ 6.Qxd2 cxd4 7.Nf3 b5 8.cxb5 Bb7
9.Qxd4 Qa5+ 10.Qb4 Qxb4+ 11.axb4 a6 12.bxa6 Nxa6 13.Bd2 Ne4 14.b5 Nc7 15.Rxa8+ Bxa8
16.Bb4 Nxb5 17.Bg2 Ng5 18.Nh4 Bxg2 19.Nxg2 Ne4 20.f3 Nf6 21.Kd2 d6 22.Ra1 Kd7
23.Ne3 Rb8 24.Kd3 Ng8 25.Nc4 Ne7 26.Rd1 f6 27.e4 d5 28.Ne3 Nc6 29.Bc5 d4
30.Nc4 e5 31.Ra1 Nc7 32.f4 Ke6 33.Bd6 Rb3+ 34.Kc2 Rb7 35.Ra4 g5 36.fxg5 fxg5
37.b4 h5 38.Kb3 d3 39.Bxc7 Rxc7 40.Kc3 Nd4 41.Kxd3 Nf3 42.b5 Nxh2 43.Ra6+ Kd7
44.b6  1-0

[Event "URS-ch47"]
[Site "Minsk"]
[Date "1979.??.??"]
[Round "?"]
[White "Beliavsky, Alexander G"]
[Black "Dolmatov, Sergey"]
[Result "0-1"]
[WhiteElo "2595"]
[BlackElo "2495"]

1.d4 d5 2.c4 e6 3.Nc3 Nf6 4.Nf3 c6 5.Bg5 h6 6.Bxf6 Qxf6 7.e3 Bd6 8.Bd3 Qe7
9.O-O dxc4 10.Bxc4 Nd7 11.Qd3 O-O 12.Ne4 Bc7 13.Ng3 e5 14.Bb3 Re8 15.Bc2 Nf6
16.dxe5 Bxe5 17.Nxe5 Qxe5 18.e4 Be6 19.b3 Rad8 20.Qe2 h5 21.Rfd1 h4 22.Nf1 h3
23.g3 Bg4 24.f3 Qc5+ 25.Qf2 Qc3 26.e5 Bxf3 27.Rxd8 Rxd8 28.exf6 Qxa1 29.Qxf3 Qxf6
30.Qxf6 gxf6 31.Kf2 b5 32.Ke2 b4 33.Ne3 c5 34.Ng4 Kg7 35.Nf2 a5 36.Bd3 Ra8
37.Kf3 a4 38.Nxh3 c4 39.Bxc4 Rc8 40.Bd3 a3 41.Ke3 Rc1 42.Nf4 Ra1 43.Nd5 Rxa2
44.Nxb4 Rxh2 45.Be2 Rh3 46.Kf2 f5 47.Na2 f4 48.gxf4 Rxb3 49.Bc4 Rh3 50.Bf1 Rh2+
51.Bg2 Kf6 52.Kg3 Rh5 53.Bf1 Rc5 54.Bd3 Rd5 55.Ba6 Rd2 56.Bc4 Rd4  0-1

[Event "URS-ch47"]
[Site "Minsk"]
[Date "1979.??.??"]
[Round "?"]
[White "Balashov, Yuri S"]
[Black "Beliavsky, Alexander G"]
[Result "1/2-1/2"]
[WhiteElo "2600"]
[BlackElo "2595"]

1.e4 e5 2.Nf3 Nc6 3.Bb5 a6 4.Ba4 Nf6 5.O-O Be7 6.Re1 b5 7.Bb3 d6 8.a4 Na5
9.Ba2 c5 10.axb5 axb5 11.d3 Bg4 12.Bg5 Nc6 13.Nbd2 O-O 14.Bxf6 Bxf6 15.h3 Bd7
16.c3 Ne7 17.Nf1 Bc6 18.Ne3 g6 19.Qd2 Bg7 20.h4 d5 21.Nxd5 Nxd5 22.Bxd5 Bxd5
23.exd5 Qxd5 24.Qe3 Rxa1 25.Rxa1 Rd8 26.Qe4 Qxd3 27.Qxd3 Rxd3 28.Ra8+ Bf8
29.Nxe5 Rd1+ 30.Kh2 f6 31.Ng4 Kf7 32.Ra6 Be7 33.Rb6 b4 34.cxb4 cxb4 35.Ne3 Rd2
36.Rb7 Ke6 37.Rb6+ Kd7 38.Rb7+ Kd8 39.Kh3 f5 40.Nc4 Rxf2 41.Ne5 Rc2 42.g3 Rc5
43.Nd3 Rc4 44.Ne5 Rc2 45.Nd3 Ke8 46.Rb8+ Kf7 47.Nxb4 Rxb2 48.Nc6 Rxb8 49.Nxb8 Ke6
50.Nc6 Bc5 51.Kg2 Kd5 52.Na5 Ke4 53.Nc4 Bb4 54.Nb6 h6 55.Nc4 h5 56.Nb6 Bd2
57.Nc8 Bb4 58.Nb6 Bd2 59.Nc8 Bb4 60.Nb6 Bc5 61.Nc4 Be3 62.Nd6+ Kd5  1/2-1/2

[Event "Novi Sad"]
[Site "Novi Sad"]
[Date "1979.??.??"]
[Round "?"]
[White "Beliavsky, Alexander G"]
[Black "Gheorghiu, Florin"]
[Result "0-1"]
[WhiteElo "2595"]
[BlackElo "2540"]

1.e4 c5 2.Nf3 e6 3.d4 cxd4 4.Nxd4 a6 5.Bd3 Nf6 6.O-O d6 7.c4 g6 8.Nc3 Bg7
9.Re1 O-O 10.Bf1 b6 11.Bg5 Bb7 12.Qd2 Qc7 13.Rad1 Rc8 14.Nc2 Ne8 15.Bh6 Bh8
16.Ne3 Nd7 17.Kh1 Bxc3 18.Qxc3 Bxe4 19.Bg5 e5 20.Ng4 f5 21.Nh6+ Kg7 22.f3 Bb7
23.b4 Nef6 24.Qb2 Re8 25.Rd2 Re6 26.Red1 Rae8 27.a3 e4 28.f4 e3 29.Rc2 Qc6
30.Re1 e2 31.Rexe2 Rxe2 32.Rxe2 Qxc4 33.h3 Rxe2 34.Bxe2 Qe4 35.Bf1 Qe1 36.Kg1 Bd5
37.Qc2 Ne4 38.Qd3 Nef6 39.Qc2 b5 40.Qc7 Be6 41.a4  0-1

[Event "URS Spartakiad"]
[Site "URS"]
[Date "1979.??.??"]
[Round "?"]
[White "Beliavsky, Alexander G"]
[Black "Zilberman, Nathan R"]
[Result "1/2-1/2"]
[WhiteElo "2595"]
[BlackElo "2455"]

1.e4 g6 2.d4 Bg7 3.g3 d6 4.Bg2 e5 5.Ne2 c6 6.O-O Nf6 7.Nbc3 O-O 8.a4 a5 9.h3 Na6
10.Bg5 Nc7 11.Qd2 Ne6 12.Be3 c5 13.dxe5 dxe5 14.Rad1 Qxd2 15.Rxd2 b6 16.f4 Nd4
17.Rfd1 Nh5 18.Kf2 Ba6 19.Nc1 Bh6 20.Nd5 Rad8 21.Nd3 Bxd3 22.Rxd3 Rxd5 23.exd5 Nxc2
24.Bd2 exf4 25.g4 Nf6 26.d6 Nd7 27.Rc1 Nd4 28.Re1 Bg5 29.Re4 h6 30.Bc3 Bf6
31.Rxf4 Be5 32.Rfxd4 cxd4 33.Bxd4 Rd8 34.Bxe5 Nxe5 35.Rd5 f6 36.Rd4 Kf8 37.Be4 Ke8
38.Kg3 Kd7 39.b4 Ke6 40.bxa5 bxa5 41.Rd5 f5 42.gxf5+ gxf5 43.Bh1 Rxd6 44.Rxa5 Rd3+
45.Kh2 f4 46.Ra6+ Kf5 47.Rxh6 Rd2+ 48.Kg1 f3 49.Bxf3 Nxf3+ 50.Kf1  1/2-1/2

[Event "URS Spartakiad"]
[Site "URS"]
[Date "1979.??.??"]
[Round "?"]
[White "Beliavsky, Alexander G"]
[Black "Gufeld, Eduard"]
[Result "0-1"]
[WhiteElo "2595"]
[BlackElo "2530"]

1.d4 Nf6 2.c4 g6 3.Nc3 Bg7 4.e4 d6 5.f3 O-O 6.Be3 Nc6 7.Nge2 Rb8 8.Nc1 a6
9.Qd2 e5 10.Nb3 exd4 11.Nxd4 Ne5 12.Be2 c5 13.Nc2 Be6 14.b3 Qa5 15.O-O b5
16.cxb5 axb5 17.Rfd1 Rfe8 18.Bf2 Ned7 19.Rac1 Ng4 20.Be1 b4 21.Na4 c4 22.Rb1 c3
23.Qxd6 Qa7+ 24.Kh1 Nf2+ 25.Bxf2 Qxf2 26.Qd3 Nc5 27.Nxc5 Qxc5 28.Qe3 Qxe3
29.Nxe3 Ra8 30.Ra1 Ra5 31.Bc4 c2 32.Nxc2 Bxc4 33.Rac1 Be6 34.Nxb4 Rea8 35.h3 Bf8
36.Nd5 Rxa2 37.Nc7 Bxb3 38.Rd3 Ra1  0-1

[Event "URS Spartakiad"]
[Site "URS"]
[Date "1979.??.??"]
[Round "?"]
[White "Kudriashov, Anatoli"]
[Black "Beliavsky, Alexander G"]
[Result "0-1"]
[WhiteElo "2380"]
[BlackElo "2595"]

1.e4 e5 2.Nf3 Nc6 3.Bb5 a6 4.Ba4 Nf6 5.d3 d6 6.c3 g6 7.O-O Bg7 8.d4 Bd7 9.dxe5 dxe5
10.Qe2 O-O 11.Rd1 Qe7 12.Bg5 h6 13.Bh4 g5 14.Bg3 Nh5 15.Nbd2 Rad8 16.Nf1 Nf4
17.Qc2 b5 18.Bb3 Qf6 19.Ne1 Ne7 20.Ne3 c5 21.Bxf4 exf4 22.Nd5 Nxd5 23.Bxd5 h5
24.Rd2 c4 25.a4 g4 26.axb5 axb5 27.Qd1 Bc8 28.Ra7 Kh8 29.Rc7 f3 30.Rc6 Qg5
31.Nc2 fxg2 32.Ne3 Be5 33.Nxg2 f5 34.Qe1 f4 35.Rd1 Rf6 36.Rxf6 Qxf6 37.Ra1 f3  0-1

[Event "URS Spartakiad"]
[Site "URS"]
[Date "1979.??.??"]
[Round "?"]
[White "Smyslov, Vassily"]
[Black "Beliavsky, Alexander G"]
[Result "1/2-1/2"]
[WhiteElo "2560"]
[BlackElo "2595"]

1.c4 e6 2.g3 d5 3.Bg2 dxc4 4.Qa4+ Nd7 5.Qxc4 a6 6.b3 Ngf6 7.d4 c5 8.Bb2 b5
9.Qd3 Rb8 10.Nd2 cxd4 11.Bxd4 Ba3 12.Rd1 O-O 13.Nh3 h6 14.O-O Qe7 15.Nb1 Bb4
16.a3 Bc5 17.Bb2 e5 18.b4 Ba7 19.Qd6 Re8 20.Qxe7 Rxe7 21.Nc3 Nb6 22.Rd8+ Kh7
23.Rfd1 Nc4 24.Bc1 Bb6 25.R8d3 Re8 26.Ne4 Nxe4 27.Bxe4+ Kg8 28.Kg2 Be6 29.f3 Bd4
30.Nf4 Bc8 31.e3 Bb2 32.Ne2 Bxc1 33.Rxc1 Be6 34.Kf2 Red8 35.Rcd1 Rdc8 36.Ra1 Kf8
37.g4 Rd8 38.Nc3 Nb2 39.Rxd8+ Rxd8 40.a4 bxa4 41.Nxa4 Nd1+ 42.Kg1 Rd2 43.Nc5 Bc4
44.Nxa6 Nxe3 45.Nc5 g6 46.Re1 Ng2 47.Rc1 Ne3 48.Re1 Ng2 49.Rc1 Ne3  1/2-1/2

[Event "URS Spartakiad"]
[Site "URS"]
[Date "1979.??.??"]
[Round "?"]
[White "Ruderfer, Mark B"]
[Black "Beliavsky, Alexander G"]
[Result "0-1"]
[WhiteElo "2400"]
[BlackElo "2595"]

1.Nf3 d5 2.d4 Nf6 3.c4 c6 4.cxd5 cxd5 5.Nc3 Nc6 6.Bf4 Bf5 7.e3 e6 8.Bb5 Nd7
9.O-O Be7 10.Rc1 O-O 11.Bd3 Bxd3 12.Qxd3 Rc8 13.h3 Nb6 14.Qe2 Nc4 15.b3 Nd6
16.Ne5 Qa5 17.Nd7 Rfd8 18.Nc5 Qb6 19.N3a4 Qc7 20.Nd3 b6 21.Rc3 Qb7 22.Bxd6 Bxd6
23.Rfc1 g6 24.f4 Ne7 25.Qd2 Rxc3 26.Rxc3 h5 27.Rc2 Kg7 28.Nc3 h4 29.Nd1 Nf5
30.Ne5 Rc8 31.Nf3 Bb4 32.Qd3 Ba3 33.Ne1 Rxc2 34.Qxc2 Be7 35.Nf3 Qa6 36.Ne5 Ng3
37.Nd3 g5 38.fxg5 Bxg5 39.a4 Qb7 40.Ne5 Qe7 41.Nf3 Qb4 42.Kf2 Bf6 43.Nb2 Ne4+
44.Kg1 Bg5 45.Nd1 Bh6 46.Kf1 Ng3+ 47.Kf2 Nf5 48.Ke2 b5 49.axb5 Qxb5+ 50.Qd3 Ng3+
51.Kd2 Qa5+ 52.Kc1 Qa1+ 53.Qb1 Bxe3+ 54.Kc2 Qa6 55.Nxe3 Qe2+ 56.Kc3 Qxe3+
57.Kb4 Nf5 58.Qa1 a6 59.Qxa6 Nxd4 60.Qa1 Qxb3+ 61.Kc5 Qc4+ 62.Kd6 Qc6+ 63.Ke7 e5
64.Nxd4 Qc5+ 65.Ke8 exd4 66.Qa6 Qc4 67.Qa7 Qc8+ 68.Ke7 Qe6+ 69.Kd8 Qd6+ 70.Ke8 Qe6+  0-1

[Event "Baku"]
[Site "Baku"]
[Date "1980.??.??"]
[Round "7"]
[White "Beliavsky, Alexander G"]
[Black "Gufeld, Eduard"]
[Result "1/2-1/2"]
[WhiteElo "2590"]
[BlackElo "2510"]

1.e4 d6 2.d4 Nf6 3.Nc3 g6 4.Be3 c6 5.h3 Qa5 6.Qd2 b5 7.Bd3 b4 8.Nce2 Bg7
9.Nf3 O-O 10.c4 d5 11.Ng3 dxe4 12.Nxe4 Nxe4 13.Bxe4 f5 14.Bd3 c5 15.d5 e5
16.dxe6 Nc6 17.O-O Bxe6 18.Rfe1 Bf7 19.Bh6 Rad8 20.Bxg7 Kxg7 21.b3 Qc7 22.h4 Qd6
23.Rad1 Qf6 24.Qf4 Nd4 25.Ne5 Rfe8 26.Kf1 Bg8 27.g3  1/2-1/2

[Event "Baku"]
[Site "Baku"]
[Date "1980.??.??"]
[Round "13"]
[White "Beliavsky, Alexander G"]
[Black "Vogt, Lothar"]
[Result "1-0"]
[WhiteElo "2590"]
[BlackElo "2510"]

1.e4 c5 2.Nf3 e6 3.d4 cxd4 4.Nxd4 Nf6 5.Nc3 d6 6.g4 a6 7.g5 Nfd7 8.f4 b5
9.f5 exf5 10.Nxf5 Ne5 11.Bf4 Nbc6 12.Nd5 Be6 13.Qe2 Rc8 14.O-O-O Qa5 15.a3 Nc4
16.Kb1 N6e5 17.Qf2 Bxd5 18.Rxd5 Qc7 19.Bxc4 Nxc4 20.Rhd1 g6 21.Qd4 gxf5 22.Qxh8 Nb6
23.Bxd6 Qxc2+ 24.Ka1  1-0

[Event "Bucharest"]
[Site "Bucharest"]
[Date "1980.??.??"]
[Round "1"]
[White "Beliavsky, Alexander G"]
[Black "Ghinda, Mihail Viorel"]
[Result "1-0"]
[WhiteElo "2590"]
[BlackElo "2475"]

1.e4 c5 2.Nf3 d6 3.d4 cxd4 4.Nxd4 Nf6 5.Nc3 e6 6.g4 h6 7.h4 Nc6 8.Rg1 d5
9.exd5 Nxd5 10.Nxd5 Qxd5 11.Bg2 Qa5+ 12.Bd2 Qe5+ 13.Be3 Bd7 14.Nxc6 Bxc6
15.Bxc6+ bxc6 16.Qd4 Qa5+ 17.c3 c5 18.Qe4 Rc8 19.O-O-O Be7 20.g5 hxg5 21.Bxg5 Bxg5+
22.Rxg5 Qxa2 23.Rxg7 Rf8 24.h5 c4 25.Rd6 Qa1+ 26.Kc2 Qa4+ 27.Kb1 Rc7 28.Rxe6+ fxe6
29.Qa8+  1-0

[Event "URS-FL"]
[Site "Tashkent"]
[Date "1980.??.??"]
[Round "?"]
[White "Beliavsky, Alexander G"]
[Black "Agzamov, Georgy"]
[Result "1-0"]
[WhiteElo "2590"]
[BlackElo "2410"]

1.e4 e5 2.Nf3 Nc6 3.Bb5 a6 4.Ba4 Nf6 5.d4 exd4 6.O-O Be7 7.Re1 O-O 8.e5 Ne8
9.Bf4 f6 10.Bxc6 dxc6 11.Qxd4 Bg4 12.Nbd2 Qxd4 13.Nxd4 Rd8 14.c3 fxe5 15.Bxe5 c5
16.N4b3 Rd7 17.Nc4 b6 18.Bxg7 Nxg7 19.Ne5 Bg5 20.Nxg4 a5 21.a4 Nf5 22.g3 Nd6
23.Rad1 Rg7 24.Ne5 Bf6 25.Nd2 Bxe5 26.Rxe5 Rg4 27.b3 c4 28.h3 Rg6 29.Nxc4 Nxc4
30.bxc4 Rd6 31.Rg5+ Rg6 32.Rxg6+ hxg6 33.c5 bxc5 34.Rd5 c4 35.Rc5  1-0

[Event "URS-ch48"]
[Site "Vilnius"]
[Date "1980.??.??"]
[Round "?"]
[White "Beliavsky, Alexander G"]
[Black "Makarichev, Sergey"]
[Result "1/2-1/2"]
[WhiteElo "2590"]
[BlackElo "2495"]

1.d4 Nf6 2.c4 e6 3.Nf3 b6 4.g3 Bb4+ 5.Bd2 a5 6.Bg2 O-O 7.O-O Ba6 8.Bg5 Be7
9.Nc3 h6 10.Bxf6 Bxf6 11.Rc1 d6 12.Re1 c5 13.b3 Ra7 14.d5 Bxc3 15.Rxc3 e5
16.e4 b5 17.cxb5 Bxb5 18.Bf1 Bxf1 19.Rxf1 a4 20.Nd2 Nd7 21.Nc4 Nb6 22.Ne3 axb3
23.axb3 Qf6 24.Kg2 Rfa8 25.h4 Ra2 26.Rc2 R2a3 27.Rb2 c4 28.Nxc4 Nxc4 29.bxc4 Rc3
30.Rc2 Raa3 31.Rxc3 Rxc3 32.Qe2 Qd8 33.Ra1 Qc8 34.Ra4 g6 35.Rb4 Qc7 36.Qa2 Kg7
37.Qa6 Qc5 38.Qb6 Rxc4 39.Qxc5 Rxc5 40.Rb6 f5 41.Rxd6 fxe4 42.g4 Rc2 43.Kf1 Rd2
44.Ke1 Rd4 45.Ke2 Rd3 46.g5 hxg5 47.hxg5 Kh7 48.Rd7+ Kg8 49.d6 Kf8 50.Re7 Rxd6
51.Rxe5 Rd4 52.Ke3 Ra4 53.Rxe4 Ra5 54.f4 Ra3+ 55.Kd4 Rf3 56.Ke5 Kg7 57.Rc4 Re3+
58.Kd5 Re1 59.Rc7+ Kg8 60.Rc6 Kg7 61.Re6 Rd1+ 62.Ke5 Re1+  1/2-1/2

[Event "Lvov"]
[Site "Lvov"]
[Date "1981.??.??"]
[Round "7"]
[White "Tal, Mihail"]
[Black "Beliavsky, Alexander G"]
[Result "1/2-1/2"]
[WhiteElo "2555"]
[BlackElo "2620"]

1.c4 e6 2.Nc3 d5 3.d4 Be7 4.Nf3 Nf6 5.Bg5 h6 6.Bxf6 Bxf6 7.e3 O-O 8.Rc1 c6
9.Bd3 dxc4 10.Bxc4 Nd7 11.O-O e5 12.Bb3 exd4 13.exd4 Re8 14.Re1 Rxe1+ 15.Qxe1 Nf8
16.Ne4 Be6 17.Qb4 Bxb3 18.axb3 Rb8 19.Nxf6+ Qxf6 20.Ra1 Qf4 21.Qc5 a6 22.d5 cxd5
23.Qxd5 Qf6 24.Rc1 Ng6 25.Qd7 Qd8 26.Rd1 Qb6 27.Qd6  1/2-1/2

[Event "Lvov"]
[Site "Lvov"]
[Date "1981.??.??"]
[Round "11"]
[White "Ghinda, Mihail Viorel"]
[Black "Beliavsky, Alexander G"]
[Result "0-1"]
[WhiteElo "2450"]
[BlackElo "2620"]

1.e4 e5 2.Nf3 Nc6 3.Bc4 Nf6 4.d3 h6 5.O-O d6 6.c3 g6 7.d4 Qe7 8.Nbd2 Bg7
9.Re1 O-O 10.h3 Nh7 11.Nf1 Ng5 12.N1h2 Nxf3+ 13.Nxf3 Kh7 14.a4 f5 15.dxe5 dxe5
16.a5 fxe4 17.Nd2 e3 18.Rxe3 Bf5 19.a6 b6 20.Bd5 Qd7 21.Bf3 Rad8 22.Qa4 e4
23.Nxe4 Ne5 24.Be2 Qf7 25.f4 Bd7 26.Qa2 Qxf4 27.Qb1 Bb5 28.Rg3 Qh4 29.Bxb5 Rd1+
30.Kh2 Re1 31.Ra4 Rf4 32.Bxf4 Rxb1 33.Be3 Rxb2 34.Ng5+ hxg5 35.Rxh4+ gxh4
36.Rg5 Nf3+  0-1